Statistics for U.S. States By Largest Island

Click here to take the quiz!

General Stats

  • This quiz has been taken 13 times
  • The average score is 7 of 15

Answer Stats

Largest IslandState% Correct
NantucketMassachusetts
100%
Long IslandNew York
100%
Kodiak IslandAlaska
92%
Big IslandHawaii
85%
Santa CruzCalifornia
69%
Hatteras IslandNorth Carolina
54%
Padre IslandTexas
54%
Isle RoyaleMichigan
46%
Aquidneck IslandRhode Island
31%
Long Beach IslandNew Jersey
23%
Pine IslandFlorida
15%
Grand IsleLouisiana
15%
John's IslandSouth Carolina
15%
Whidbey IslandWashington
15%
Kelley's IslandOhio
0%

Score Distribution

Percentile by Number Answered

Percent of People with Each Score

Your Score History

You have not taken this quiz